The Muslim discovery of Europe /

Bibliographic Details
Main Author: Lewis, Bernard, 1916-
Format: Book
Language:English
Published: New York : W.W. Norton, [1982]
Edition:1st ed.
Subjects:

MARC

Tag First Indicator Second Indicator Subfields
LEADER 00000pam a2200000 a 4500
001 in00000095502
005 20150923173621.0
008 811124s1982 nyua b 00110 eng
010 |a  81019009  
020 |a 0393015297 
020 |a 0393302334 
035 |a (OCoLC)08032662 
035 |9 AAK8145AM 
040 |a DLC  |c DLC  |d TXA  |d UtOrBLW 
043 |a aw-----  |a e------ 
049 |a TXAM  |c [1673625] 
050 0 0 |a DS63.2 E8  |b L48 1982 
082 0 |a 303.4/82  |2 19 
100 1 |a Lewis, Bernard,  |d 1916- 
245 1 4 |a The Muslim discovery of Europe /  |c by Bernard Lewis. 
250 |a 1st ed. 
264 1 |a New York :  |b W.W. Norton,  |c [1982] 
264 4 |c ©1982 
300 |a 350 pages :  |b illustrations ;  |c 24 cm. 
336 |a text  |b txt  |2 rdacontent 
337 |a unmediated  |b n  |2 rdamedia 
338 |a volume  |b nc  |2 rdacarrier 
504 |a Includes bibliographical references and index. 
651 0 |a Middle East  |x Relations  |z Europe. 
651 0 |a Europe  |x Relations  |z Middle East. 
999 |a MARS 
999 f f |s d44695e8-3618-3f74-8647-2e269419030d  |i e1bdcd84-45cf-3533-af41-f81b6b94d9ef  |t 0 
952 f f |p normal  |a Texas A&M University  |b College Station  |c Sterling C. Evans Library  |d Evans: Library Stacks  |t 0  |e DS63.2 E8 L48 1982  |h Library of Congress classification  |i unmediated -- volume  |m A14806028469 
952 f f |p noncirc  |a Texas A&M University  |b College Station  |c Sterling C. Evans Library  |d Bodrum (located in Turkey)  |t 0  |e DS63.2 E8 L48 1982  |h Library of Congress classification  |i unmediated -- volume 
998 f f |a DS63.2 E8 L48 1982  |t 0  |l Bodrum (located in Turkey) 
998 f f |a DS63.2 E8 L48 1982  |t 0  |l Evans: Library Stacks